<?xml version="1.0" encoding="UTF-8"?>
<record
    xmlns:xsi="http://www.w3.org/2001/XMLSchema-instance"
    xsi:schemaLocation="http://www.loc.gov/MARC21/slim http://www.loc.gov/standards/marcxml/schema/MARC21slim.xsd"
    xmlns="http://www.loc.gov/MARC21/slim">

  <leader>01157nas a2200277 i 4500</leader>
  <controlfield tag="001">253068</controlfield>
  <controlfield tag="005">20260129084332.0</controlfield>
  <controlfield tag="007">ta</controlfield>
  <controlfield tag="008">260128e19921995dr  ||p|r||||||0| |0spa d</controlfield>
  <datafield tag="040" ind1=" " ind2=" ">
    <subfield code="a">DO-SdBNP</subfield>
    <subfield code="b">spa</subfield>
    <subfield code="c">DO-SdBNP</subfield>
    <subfield code="e">rda</subfield>
  </datafield>
  <datafield tag="041" ind1=" " ind2=" ">
    <subfield code="h">spa</subfield>
  </datafield>
  <datafield tag="110" ind1="2" ind2=" ">
    <subfield code="a">Universidad Iberoamericana (Santo Domingo, Rep&#xFA;blica Dominicana)</subfield>
    <subfield code="9">84319</subfield>
  </datafield>
  <datafield tag="245" ind1=" " ind2=" ">
    <subfield code="a">UNIBE : </subfield>
    <subfield code="b">school of medicine : bulletin 1992 /</subfield>
    <subfield code="c">Universidad Iberoamericana (UNIBE).</subfield>
  </datafield>
  <datafield tag="264" ind1=" " ind2=" ">
    <subfield code="a">Santo Domingo, Rep&#xFA;blica Dominicana :</subfield>
    <subfield code="b">Universidad Iberoamericana (UNIBE),</subfield>
    <subfield code="c">1992-.</subfield>
  </datafield>
  <datafield tag="300" ind1=" " ind2=" ">
    <subfield code="a">volumen : </subfield>
    <subfield code="b">ilustraciones,fotografias, mapas ; </subfield>
    <subfield code="c">31 cm.</subfield>
  </datafield>
  <datafield tag="310" ind1=" " ind2=" ">
    <subfield code="a">Desconocido.</subfield>
  </datafield>
  <datafield tag="336" ind1=" " ind2=" ">
    <subfield code="a">texto</subfield>
    <subfield code="b">txt</subfield>
    <subfield code="2">rdacontent</subfield>
  </datafield>
  <datafield tag="337" ind1=" " ind2=" ">
    <subfield code="a">sin mediaci&#xF3;n </subfield>
    <subfield code="b">n </subfield>
    <subfield code="2">rdamedia</subfield>
  </datafield>
  <datafield tag="338" ind1=" " ind2=" ">
    <subfield code="a">volumen </subfield>
    <subfield code="b">nc </subfield>
    <subfield code="2">rdacarrier</subfield>
  </datafield>
  <datafield tag="362" ind1=" " ind2=" ">
    <subfield code="a">UNIBE : school of medicine, 1992-1995.</subfield>
  </datafield>
  <datafield tag="500" ind1=" " ind2=" ">
    <subfield code="a">Catalogaci&#xF3;n basada en el n&#xFA;mero: UNIBE : school of medicine, 1992-1995.</subfield>
  </datafield>
  <datafield tag="500" ind1=" " ind2=" ">
    <subfield code="a">Este material est&#xE1; disponible en ingl&#xE9;s. </subfield>
  </datafield>
  <datafield tag="650" ind1=" " ind2="0">
    <subfield code="a">Medicina</subfield>
    <subfield code="9">12481</subfield>
    <subfield code="v">Bolet&#xED;n</subfield>
    <subfield code="z">Rep&#xFA;blica Dominicana</subfield>
  </datafield>
  <datafield tag="650" ind1=" " ind2="0">
    <subfield code="a">Educaci&#xF3;n superior</subfield>
    <subfield code="v">Publicaciones peri&#xF3;dicas</subfield>
    <subfield code="x">Miscel&#xE1;nea</subfield>
    <subfield code="z">Rep&#xFA;blica Dominicana</subfield>
    <subfield code="9">63982</subfield>
  </datafield>
  <datafield tag="942" ind1=" " ind2=" ">
    <subfield code="2">ddc</subfield>
    <subfield code="c">ISSUE</subfield>
  </datafield>
  <datafield tag="952" ind1=" " ind2=" ">
    <subfield code="0">0</subfield>
    <subfield code="1">0</subfield>
    <subfield code="2">ddc</subfield>
    <subfield code="4">0</subfield>
    <subfield code="5">6</subfield>
    <subfield code="7">0</subfield>
    <subfield code="8">SE</subfield>
    <subfield code="a">BNPHU</subfield>
    <subfield code="b">BNPHU</subfield>
    <subfield code="d">2026-01-22</subfield>
    <subfield code="h">UNIBE : school of medicine, 1992-1995</subfield>
    <subfield code="l">0</subfield>
    <subfield code="p">2026-0172</subfield>
    <subfield code="r">2026-01-22</subfield>
    <subfield code="t">e.1</subfield>
    <subfield code="w">2026-01-22</subfield>
    <subfield code="y">ISSUE</subfield>
    <subfield code="z">Bulletin 1992-1995.</subfield>
  </datafield>
  <datafield tag="952" ind1=" " ind2=" ">
    <subfield code="0">0</subfield>
    <subfield code="1">0</subfield>
    <subfield code="2">ddc</subfield>
    <subfield code="4">0</subfield>
    <subfield code="5">6</subfield>
    <subfield code="7">0</subfield>
    <subfield code="8">SE</subfield>
    <subfield code="a">BNPHU</subfield>
    <subfield code="b">BNPHU</subfield>
    <subfield code="d">2026-01-28</subfield>
    <subfield code="h">UNIBE : school of medicine, 1995</subfield>
    <subfield code="l">0</subfield>
    <subfield code="p">2026-0368</subfield>
    <subfield code="r">2026-01-28</subfield>
    <subfield code="t">e.1</subfield>
    <subfield code="w">2026-01-28</subfield>
    <subfield code="y">ISSUE</subfield>
    <subfield code="z">Bulletin 1995.</subfield>
  </datafield>
  <datafield tag="952" ind1=" " ind2=" ">
    <subfield code="0">0</subfield>
    <subfield code="1">0</subfield>
    <subfield code="2">ddc</subfield>
    <subfield code="4">0</subfield>
    <subfield code="5">6</subfield>
    <subfield code="7">0</subfield>
    <subfield code="8">SE</subfield>
    <subfield code="a">BNPHU</subfield>
    <subfield code="b">BNPHU</subfield>
    <subfield code="d">2026-01-28</subfield>
    <subfield code="h">UNIBE : school of medicine, 1995</subfield>
    <subfield code="l">0</subfield>
    <subfield code="p">2026-0369</subfield>
    <subfield code="r">2026-01-28</subfield>
    <subfield code="t">e.2</subfield>
    <subfield code="w">2026-01-28</subfield>
    <subfield code="y">ISSUE</subfield>
    <subfield code="z">Bulletin 1995.</subfield>
  </datafield>
  <datafield tag="999" ind1=" " ind2=" ">
    <subfield code="c">60133</subfield>
    <subfield code="d">60133</subfield>
  </datafield>
</record>
